000 01105cam a2200313 a 4500
001 761
003 BD-RjUL
005 20211208233227.0
008 131123s2004 bg bs 001 0 eng
020 _a9843212991
035 _a(BD-RjUL)781
040 _aDLC
_cDLC
_dDLC
_dBD-RjUL
_beng
041 _aeng
082 0 0 _219
_a027.75492
_bMOU 2004
100 1 _aMostafa, Md. Golam
_92268
245 1 0 _aUniversity libraries in Bangladesh :
_bproblems and prospects /
_cMd. Golam Mostafa, Amit Kumar Bandyopadhyay.
250 _a1st ed.
260 _aRajshahi :
_bHilali Foundation ;
_bDistributor, Eureka Book Agency,
_cc2004.
300 _a294 p. ;
_c24 cm.
500 _aIncludes statistical tables.
504 _aIncludes bibliographical references (p. 287-292) and index.
650 0 _aAcademic libraries
_zBangladesh.
_92269
650 0 _aLibrary surveys
_zBangladesh.
_92270
700 1 _aBandyopadhyay, Amit Kumar.
_92271
856 4 1 _3Table of contents only
_uhttp://www.loc.gov/catdir/toc/fy0713/2006454659.html
942 _2ddc
_cBK
_07
999 _c761
_d761